000
00449nam a2200133Ia 4500
008
100328s9999 xx 000 0 und d
082
_b
10327
100
_a
माधव वसंत
245
_a
संगीत उधळलेला संसार
260
_b
चित्रशाळा
630
_a
संगीत उधळलेला संसार
730
_a
संगीत उधळलेला संसार
942
_c
BOOK
999
_c
505837
_d
505834